[Event "EYCC 2017"]
[Site "Mamaia"]
[Date "2017.09.13"]
[Round "8"]
[White "Morozov, Nichita"]
[Black "Haug, Johannes"]
[Result "1/2-1/2"]
[WhiteElo "2461"]
[BlackElo "2379"]
[Annotator "TA"]
[PlyCount "95"]
[EventDate "2017.??.??"]
[EventType "swiss"]
[EventCountry "ROU"]
[SourceTitle "playchess.com"]
[Source "ChessBase"]
[SourceQuality "1"]

1. d4 Nf6 2. c4 e6 3. Nc3 Bb4 4. Qc2 c5 5. dxc5 O-O 6. Nf3 Na6 7. g3 Nxc5 8. Bg2 Nce4 9. O-O Nxc3 10. bxc3 Be7 11. e4 d6 12. e5 dxe5 13. Nxe5 Qc7 14. Qe2 Nd7 15. Bf4 Nxe5 16. Bxe5 Bd6 17. Rfe1 Rb8 18. Rad1 Bxe5 19. Qxe5 Qxe5 20. Rxe5 b6 21. c5 bxc5 22. Rxc5 Rb2 23. a4 Ba6 24. h4 Ra2 25. a5 Rb8 26. Rc7 Rxa5 27. Rdd7 Rf5 28. Rxa7 Bc4 29. Be4 Re5 30. f3 Rf8 31. Kf2 g6 32. Ke3 Rc5 33. Kd4 Rfc8 34. f4 Bb3 35. Rd8+ Rxd8+ 36. Kxc5 Bd5 37. Bxd5 Rxd5+ 38. Kb6 Rd3 39. c4 Rxg3 40. c5 Rb3+ 41. Kc7 Rb4 42. c6 Rxf4 43. Ra5 Rxh4 44. Kb6 Rb4+ 45. Rb5 Rc4 46. Rc5 Rb4+ 47. Rb5 Rc4 48. Rc5 1/2-1/2

[Event "EYCC 2017"]
[Site "Mamaia"]
[Date "2017.09.13"]
[Round "8"]
[White "Kevlishvili, Robby"]
[Black "Macko, Miroslav"]
[Result "1-0"]
[WhiteElo "2450"]
[BlackElo "2303"]
[Annotator "TA"]
[PlyCount "77"]
[EventDate "2017.??.??"]
[EventType "swiss"]
[EventCountry "ROU"]
[SourceTitle "playchess.com"]
[Source "ChessBase"]
[SourceQuality "1"]

1. e4 e5 2. Nf3 Nc6 3. Bb5 a6 4. Ba4 Nge7 5. c3 g6 6. d4 exd4 7. cxd4 b5 8. Bb3 Bg7 9. d5 Na5 10. Bd2 Nxb3 11. Qxb3 c5 12. Bc3 f6 13. a3 d6 14. Nbd2 O-O 15. O-O a5 16. Qxb5 Ba6 17. Qa4 Bxf1 18. Rxf1 Nc8 19. Nc4 Nb6 20. Nxb6 Qxb6 21. Nd2 f5 22. Nc4 Qd8 23. e5 dxe5 24. d6 e4 25. Bxg7 Kxg7 26. Rd1 Qf6 27. Nb6 Rad8 28. Nd7 Qe6 29. Nxc5 Qe8 30. Qd4+ Kh6 31. d7 Qe7 32. Nb7 f4 33. Nxd8 Rxd8 34. f3 exf3 35. Qxf4+ Kg7 36. Qd4+ Kh6 37. gxf3 Qg5+ 38. Kf2 Qe7 39. Qe3+ 1-0

[Event "EYCC 2017"]
[Site "Mamaia"]
[Date "2017.09.13"]
[Round "8"]
[White "Vykouk, Jan"]
[Black "Perez Garcia, Alejandro"]
[Result "1/2-1/2"]
[WhiteElo "2440"]
[BlackElo "2361"]
[Annotator "TA"]
[PlyCount "66"]
[EventDate "2017.??.??"]
[EventType "swiss"]
[EventCountry "ROU"]
[SourceTitle "playchess.com"]
[Source "ChessBase"]
[SourceQuality "1"]

1. e4 c6 2. d4 d5 3. Nd2 dxe4 4. Nxe4 Bf5 5. Ng3 Bg6 6. h4 h6 7. Nf3 Nd7 8. h5 Bh7 9. Bd3 Bxd3 10. Qxd3 e6 11. Bd2 Ngf6 12. O-O-O Be7 13. Nf1 c5 14. Ne3 cxd4 15. Qxd4 Nc5 16. Qf4 O-O 17. Ng4 Nxg4 18. Qxg4 Bf6 19. Bc3 Qe7 20. Bxf6 Qxf6 21. Qd4 Qe7 22. Qe5 Rfd8 23. Rhe1 Rac8 24. Nd4 Qh4 25. g3 Qe7 26. f4 Qd6 27. Qxd6 Rxd6 28. c3 Rcd8 29. Kc2 a6 30. g4 Rd5 31. Rd2 Nd7 32. Rg2 Nf6 33. Ree2 Rc8 1/2-1/2

[Event "EYCC 2017"]
[Site "Mamaia"]
[Date "2017.09.13"]
[Round "8"]
[White "Vrolijk, Liam"]
[Black "Esipenko, Andrey"]
[Result "0-1"]
[WhiteElo "2418"]
[BlackElo "2540"]
[Annotator "TA"]
[PlyCount "92"]
[EventDate "2017.??.??"]
[EventType "swiss"]
[EventCountry "ROU"]
[SourceTitle "playchess.com"]
[Source "ChessBase"]
[SourceQuality "1"]

1. d4 Nf6 2. c4 e6 3. Nf3 b6 4. g3 Ba6 5. b3 Bb4+ 6. Bd2 Be7 7. Bg2 d5 8. cxd5 exd5 9. O-O O-O 10. Nc3 Nbd7 11. Bf4 Re8 12. Rc1 Nf8 13. Ne5 Bb7 14. Bg5 Ne6 15. Bxf6 Bxf6 16. f4 c5 17. e3 cxd4 18. exd4 a6 19. Qd3 Qd6 20. Rfd1 b5 21. Ne2 Bd8 22. h4 Nf8 23. Qf3 Bb6 24. Kh2 Qe7 25. Rc2 h6 26. Nd3 Nd7 27. b4 Nf6 28. Nc5 Bc8 29. Bh3 Bxh3 30. Kxh3 a5 31. a3 axb4 32. axb4 h5 33. f5 Bc7 34. Nc3 Ra3 35. Rd3 Ra1 36. Re2 Qd8 37. Nxb5 Rxe2 38. Qxe2 Ng4 39. Kg2 Bxg3 40. Rxg3 Qxh4 41. Rh3 Qg5 42. Rg3 Qc1 43. Kf3 Qh1+ 44. Kf4 Rf1+ 45. Rf3 Re1 46. Qc2 Qh4 0-1

[Event "EYCC 2017"]
[Site "Mamaia"]
[Date "2017.09.13"]
[Round "8"]
[White "Drygalov, Sergey"]
[Black "Akhvlediani, Irakli"]
[Result "0-1"]
[WhiteElo "2415"]
[BlackElo "2303"]
[Annotator "TA"]
[PlyCount "106"]
[EventDate "2017.??.??"]
[EventType "swiss"]
[EventCountry "ROU"]
[SourceTitle "playchess.com"]
[Source "ChessBase"]
[SourceQuality "1"]

1. d4 Nf6 2. c4 g6 3. Nf3 Bg7 4. g3 O-O 5. Bg2 d6 6. O-O Nc6 7. Nc3 e5 8. d5 Nb8 9. e4 a5 10. Ne1 Na6 11. Rb1 Nd7 12. b3 f5 13. a3 Nb6 14. Nd3 f4 15. Bd2 Nc5 16. Qe2 Nxd3 17. Qxd3 Nd7 18. b4 b6 19. Nb5 h5 20. Qe2 Bh6 21. f3 Kh7 22. Be1 Nf6 23. bxa5 fxg3 24. hxg3 bxa5 25. c5 g5 26. a4 g4 27. f4 h4 28. fxe5 dxe5 29. gxh4 Nh5 30. Rxf8 Qxf8 31. d6 Nf4 32. Qf1 cxd6 33. cxd6 Ba6 34. Rd1 Rd8 35. Bxa5 Bxb5 36. axb5 Rxd6 37. Kh1 Nxg2 38. Bb4 Rxd1 39. Qxd1 Qxb4 40. Qd7+ Bg7 41. Qf5+ Kh8 42. Kxg2 Qxb5 43. Kg3 Qe8 44. Kxg4 Bh6 45. h5 Qg8+ 46. Kf3 Qb3+ 47. Kg4 Qd1+ 48. Kh4 Qh1+ 49. Kg4 Qg2+ 50. Kh4 Qh2+ 51. Kg4 Qf4+ 52. Qxf4 exf4 53. e5 Kg7 0-1

[Event "EYCC 2017"]
[Site "Mamaia"]
[Date "2017.09.13"]
[Round "8"]
[White "Henderson de La Fuente, Lance"]
[Black "Makarian, Rudik"]
[Result "1-0"]
[WhiteElo "2408"]
[BlackElo "2146"]
[Annotator "TA"]
[PlyCount "53"]
[EventDate "2017.??.??"]
[EventType "swiss"]
[EventCountry "ROU"]
[SourceTitle "playchess.com"]
[Source "ChessBase"]
[SourceQuality "1"]

1. e4 c5 2. Nf3 e6 3. d4 cxd4 4. Nxd4 Nc6 5. Nc3 Qc7 6. Be3 a6 7. Qf3 Ne5 8. Qg3 h5 9. Bf4 d6 10. Bg5 Nf6 11. O-O-O b5 12. f4 Nc6 13. Nxc6 Qxc6 14. a3 Bb7 15. Bd3 Rc8 16. e5 Nd5 17. Nxd5 Qxd5 18. f5 dxe5 19. Rhe1 Bd6 20. fxe6 Qxe6 21. Bf4 O-O 22. Bxe5 Bxe5 23. Rxe5 Qh6+ 24. Kb1 Rfe8 25. Rde1 Rxe5 26. Qxe5 Qf6 27. Qe8+ 1-0

[Event "EYCC 2017"]
[Site "Mamaia"]
[Date "2017.09.13"]
[Round "8"]
[White "Haldorsen, Benjamin"]
[Black "Radovic, Janko"]
[Result "1/2-1/2"]
[WhiteElo "2397"]
[BlackElo "2330"]
[Annotator "TA"]
[PlyCount "117"]
[EventDate "2017.??.??"]
[EventType "swiss"]
[EventCountry "ROU"]
[SourceTitle "playchess.com"]
[Source "ChessBase"]
[SourceQuality "1"]

1. e4 c5 2. Nc3 d6 3. f4 g6 4. d4 cxd4 5. Qxd4 Nf6 6. Nf3 Nc6 7. Qf2 Bg7 8. Bd3 O-O 9. O-O Ng4 10. Qe2 Nd4 11. Qe1 Bd7 12. h3 Nxf3+ 13. Rxf3 Nf6 14. e5 Ne8 15. Kh1 Bc6 16. Be4 Qc7 17. Bxc6 Qxc6 18. Rd3 e6 19. Be3 dxe5 20. fxe5 Bxe5 21. Bxa7 Bc7 22. Bd4 Ra5 23. Qe4 Qa6 24. b4 Nd6 25. Qf4 Rf5 26. Qh6 f6 27. Qe3 Nc4 28. Qe4 Rf4 29. Qe2 Re8 30. Nd5 Qd6 31. Nxf4 Qxf4 32. Bg1 Ne5 33. Rd4 Qg3 34. Qe3 Qxe3 35. Bxe3 Rc8 36. Rdd1 Nc4 37. Bd4 e5 38. Bg1 Bd6 39. c3 Kf7 40. Rd5 Ke6 41. Rad1 e4 42. Bc5 Be5 43. Rd7 b6 44. Re7+ Kf5 45. Rf1+ Kg5 46. Bd4 e3 47. Bxe5 Nxe5 48. h4+ Kxh4 49. Rxf6 Ng4 50. Rxh7+ Kg5 51. Rf1 Rxc3 52. g3 Rc2 53. a3 Nf2+ 54. Kg1 e2 55. Kxf2 exf1=Q+ 56. Kxf1 Rc3 57. Kf2 Rxa3 58. Rb7 Kg4 59. Rxb6 1/2-1/2

[Event "EYCC 2017"]
[Site "Mamaia"]
[Date "2017.09.13"]
[Round "8"]
[White "Erenberg, Ariel"]
[Black "Fakhrutdinov, Timur"]
[Result "1-0"]
[WhiteElo "2386"]
[BlackElo "2441"]
[Annotator "TA"]
[PlyCount "67"]
[EventDate "2017.??.??"]
[EventType "swiss"]
[EventCountry "ROU"]
[SourceTitle "playchess.com"]
[Source "ChessBase"]
[SourceQuality "1"]

1. d4 Nf6 2. c4 e6 3. Nc3 Bb4 4. f3 c5 5. d5 O-O 6. e4 b5 7. Nh3 bxc4 8. Bxc4 exd5 9. Bxd5 Nxd5 10. Qxd5 Ba6 11. Bf4 Nc6 12. Kf2 c4 13. Rhd1 Be7 14. Qxd7 Nb4 15. Qxd8 Rfxd8 16. Nd5 Nxd5 17. Rxd5 Rxd5 18. exd5 Rd8 19. Rd1 f6 20. d6 Kf7 21. Ng1 g5 22. Bg3 h5 23. h3 h4 24. Bh2 Bf8 25. Ne2 Bc8 26. Nc3 Bf5 27. Ne4 Rb8 28. Rd2 Rc8 29. Ke3 Bd7 30. Kd4 Rc6 31. Kd5 f5 32. Nxg5+ Kg6 33. Ne6 Bh6 34. Rc2 1-0

[Event "EYCC 2017"]
[Site "Mamaia"]
[Date "2017.09.13"]
[Round "8"]
[White "Sousa, Andre Ventura"]
[Black "Dragnev, Valentin"]
[Result "1-0"]
[WhiteElo "2386"]
[BlackElo "2483"]
[Annotator "TA"]
[PlyCount "81"]
[EventDate "2017.??.??"]
[EventType "swiss"]
[EventCountry "ROU"]
[SourceTitle "playchess.com"]
[Source "ChessBase"]
[SourceQuality "1"]

1. e4 e5 2. Nf3 Nc6 3. Bb5 a6 4. Ba4 Nf6 5. O-O Be7 6. Re1 b5 7. Bb3 O-O 8. d4 Nxd4 9. Nxd4 exd4 10. e5 Ne8 11. c3 c5 12. cxd4 c4 13. Bc2 d5 14. Nc3 Nc7 15. a3 Be6 16. Qh5 g6 17. Qf3 f5 18. Bh6 Rf7 19. Ne2 g5 20. h4 g4 21. Qe3 Bxh4 22. g3 Be7 23. Kg2 a5 24. Rh1 b4 25. axb4 axb4 26. Rxa8 Qxa8 27. Bg5 Qd8 28. Bxe7 Qxe7 29. Nf4 b3 30. Bb1 Ne8 31. Rh6 Ng7 32. Qe1 Bc8 33. Rxh7 Ne6 34. Rh8+ Kxh8 35. Ng6+ Kg7 36. Nxe7 Rxe7 37. Bxf5 Nf4+ 38. gxf4 Bxf5 39. Qa5 Be6 40. Qb6 Re8 41. Kg3 1-0

[Event "EYCC 2017"]
[Site "Mamaia"]
[Date "2017.09.13"]
[Round "8"]
[White "Pultinevicius, Paulius"]
[Black "Ewert, Hannes"]
[Result "1-0"]
[WhiteElo "2381"]
[BlackElo "2261"]
[Annotator "TA"]
[PlyCount "57"]
[EventDate "2017.??.??"]
[EventType "swiss"]
[EventCountry "ROU"]
[SourceTitle "playchess.com"]
[Source "ChessBase"]
[SourceQuality "1"]

1. c4 c5 2. Nf3 g6 3. d4 cxd4 4. Nxd4 Bg7 5. e4 Nc6 6. Be3 Nf6 7. Nc3 Ng4 8. Qxg4 Nxd4 9. Qd1 Ne6 10. Qd2 Qa5 11. Rc1 b6 12. Be2 Bb7 13. f3 g5 14. O-O h5 15. Rfd1 d6 16. Nd5 Qxd2 17. Rxd2 Rc8 18. Rb1 Kd7 19. b4 Ba6 20. c5 Bxe2 21. cxb6 Bc4 22. bxa7 Bxd5 23. exd5 Nd8 24. a4 Nb7 25. a5 Rc3 26. a6 Kc7 27. b5 Ra8 28. b6+ Kc8 29. Bxg5 1-0

[Event "EYCC 2017"]
[Site "Mamaia"]
[Date "2017.09.13"]
[Round "8"]
[White "Shubin, Kirill"]
[Black "Katopodis, Dimitrios"]
[Result "1-0"]
[WhiteElo "2375"]
[BlackElo "2210"]
[Annotator "TA"]
[PlyCount "129"]
[EventDate "2017.??.??"]
[EventType "swiss"]
[EventCountry "ROU"]
[SourceTitle "playchess.com"]
[Source "ChessBase"]
[SourceQuality "1"]

1. c4 b6 2. d4 Bb7 3. Nc3 Nf6 4. Nf3 e6 5. a3 d5 6. Bf4 a6 7. e3 dxc4 8. Bxc4 Nbd7 9. d5 exd5 10. Nxd5 Bd6 11. Bxd6 cxd6 12. O-O O-O 13. Nf4 Ne5 14. Be2 Bxf3 15. Bxf3 Rc8 16. Bb7 Rb8 17. Bd5 b5 18. b4 Qb6 19. Bb3 Rbc8 20. a4 Nc4 21. a5 Qc6 22. Qd4 Rfd8 23. Rfd1 h6 24. Rac1 d5 25. Nd3 Ne4 26. Nf4 Nf6 27. Bc2 Qd6 28. Bf5 Rc7 29. Nd3 g6 30. Bh3 Ne4 31. Nf4 Nf6 32. Be6 Qe7 33. Bxd5 Kg7 34. e4 Ne5 35. Rxc7 Qxc7 36. Nd3 Nxd3 37. Rxd3 Qc1+ 38. Rd1 Qf4 39. g3 Qc7 40. Rd3 Re8 41. Kg2 Qe7 42. Rf3 Qd6 43. Rd3 Kf8 44. Bb7 Qe7 45. Bxa6 Qxe4+ 46. Qxe4 Rxe4 47. Bxb5 Rxb4 48. a6 Rxb5 49. a7 Ra5 50. Rd8+ Kg7 51. a8=Q Rxa8 52. Rxa8 h5 53. Kf3 Ng4 54. h3 Nf6 55. Rd8 Nh7 56. Kf4 Nf6 57. Ke5 Nh7 58. h4 Nf6 59. f3 Nh7 60. Rd6 Nf8 61. f4 Nh7 62. f5 g5 63. f6+ Kg6 64. Rd8 gxh4 65. gxh4 1-0

[Event "EYCC 2017"]
[Site "Mamaia"]
[Date "2017.09.13"]
[Round "8"]
[White "Gharibyan, Mamikon"]
[Black "Mammadov, Sadig"]
[Result "1-0"]
[WhiteElo "2365"]
[BlackElo "2099"]
[Annotator "TA"]
[PlyCount "117"]
[EventDate "2017.??.??"]
[EventType "swiss"]
[EventCountry "ROU"]
[SourceTitle "playchess.com"]
[Source "ChessBase"]
[SourceQuality "1"]

1. d4 g6 2. c4 Bg7 3. Nc3 d6 4. Nf3 Nf6 5. e4 O-O 6. Be2 e5 7. O-O Nc6 8. Be3 Ng4 9. Bg5 f6 10. Bh4 Qe8 11. d5 Ne7 12. Nd2 h5 13. b4 g5 14. Bg3 f5 15. exf5 Bxf5 16. Nde4 Qg6 17. h3 Bxe4 18. hxg4 hxg4 19. Nxe4 Qxe4 20. Bd3 Qd4 21. Qe2 Nf5 22. Bxf5 Rxf5 23. Rac1 Raf8 24. Rfd1 Qb6 25. a3 R8f7 26. Qxg4 Bf8 27. Rc2 a5 28. Rb2 a4 29. Re2 Bg7 30. Qe4 Qa7 31. Qe3 Qa6 32. Rc1 Bh6 33. Qe4 Kg7 34. Rc3 b6 35. Rec2 Qb7 36. Rc1 Qb8 37. c5 bxc5 38. bxc5 Qb2 39. cxd6 cxd6 40. Qxa4 Qd2 41. Qe4 Qd4 42. Rc4 Qxe4 43. Rxe4 Kf6 44. Rc6 Bf8 45. a4 Ra7 46. Rb6 Be7 47. f3 Ra5 48. Rb5 Ra6 49. Rc4 Kg6 50. a5 Rf8 51. Be1 Rfa8 52. Rb6 R6a7 53. Bb4 Kf7 54. Bxd6 Bd8 55. Bxe5 Rxa5 56. Rb7+ Ke8 57. Re4 Ra4 58. Bd4+ Kf8 59. Bc5+ 1-0

[Event "EYCC 2017"]
[Site "Mamaia"]
[Date "2017.09.13"]
[Round "8"]
[White "Kouskoutis, Georgios-Alexandros"]
[Black "Livaic, Leon"]
[Result "0-1"]
[WhiteElo "2314"]
[BlackElo "2461"]
[Annotator "TA"]
[PlyCount "94"]
[EventDate "2017.??.??"]
[EventType "swiss"]
[EventCountry "ROU"]
[SourceTitle "playchess.com"]
[Source "ChessBase"]
[SourceQuality "1"]

1. c4 e5 2. g3 Nc6 3. Bg2 g6 4. Nc3 Bg7 5. d3 d6 6. e4 Be6 7. Nge2 Nge7 8. Nd5 O-O 9. O-O Qd7 10. Be3 f5 11. Qd2 Rf7 12. Rae1 Raf8 13. f4 fxe4 14. dxe4 Nc8 15. c5 Bh3 16. b4 Bxg2 17. Kxg2 exf4 18. gxf4 N6e7 19. Ng3 Nxd5 20. Qxd5 c6 21. Qb3 d5 22. exd5 cxd5 23. Rd1 Ne7 24. Rf2 h5 25. Bc1 Kh7 26. Kh1 Qc6 27. Qd3 Nf5 28. Nxf5 Rxf5 29. Qf3 a5 30. bxa5 Ra8 31. Bb2 Rxa5 32. Bxg7 Kxg7 33. Qc3+ d4+ 34. Qf3 Qxf3+ 35. Rxf3 Rxa2 36. Rc1 Rf6 37. Rb1 Rf7 38. Rc1 Re2 39. Kg1 Re4 40. Rb1 Kf6 41. Rb5 Rfe7 42. Kg2 Re2+ 43. Kg3 Rc2 44. h3 Rc7 45. Rb6+ Kf5 46. Rd6 h4+ 47. Kxh4 Rg2 0-1

[Event "EYCC 2017"]
[Site "Mamaia"]
[Date "2017.09.13"]
[Round "8"]
[White "Bronstein, Or"]
[Black "Matviishen, Viktor"]
[Result "0-1"]
[WhiteElo "2308"]
[BlackElo "2431"]
[Annotator "TA"]
[PlyCount "114"]
[EventDate "2017.??.??"]
[EventType "swiss"]
[EventCountry "ROU"]
[SourceTitle "playchess.com"]
[Source "ChessBase"]
[SourceQuality "1"]

1. d4 Nf6 2. c4 e6 3. Nf3 b6 4. a3 Ba6 5. Qc2 d5 6. Bg5 Bxc4 7. Ne5 Ba6 8. Nc3 Be7 9. Qa4+ Nfd7 10. Bf4 Bd6 11. Nxd7 Qxd7 12. Bxd6 Qxa4 13. Nxa4 cxd6 14. Rc1 Kd7 15. e3 Bxf1 16. Rxf1 Nc6 17. Ke2 Rhc8 18. Kd3 Na5 19. Nc3 Nb3 20. Rcd1 Rc6 21. f3 Rac8 22. Rf2 Rc4 23. Kc2 Na5 24. Kd3 a6 25. Rdd2 b5 26. Na2 e5 27. Nb4 Ke6 28. Rc2 Nb3 29. Rxc4 dxc4+ 30. Kc3 Ra8 31. f4 f5 32. Rf3 a5 33. d5+ Kf6 34. Nc6 exf4 35. Rxf4 g5 36. Rf3 g4 37. Rf2 Re8 38. Re2 f4 39. e4 Nc5 40. Nxa5 Rxe4 41. Rxe4 Nxe4+ 42. Kd4 f3 43. gxf3 gxf3 44. Ke3 f2 45. Ke2 Ke5 46. a4 bxa4 47. Nxc4+ Kxd5 48. Nb6+ Kc5 49. Nxa4+ Kb5 50. b3 Kb4 51. h4 h5 52. Nb2 Kxb3 53. Nd3 d5 54. Nf4 d4 55. Kf1 Kc2 56. Ke2 d3+ 57. Nxd3 f1=Q+ 0-1

[Event "EYCC 2017"]
[Site "Mamaia"]
[Date "2017.09.13"]
[Round "8"]
[White "Szpar, Milosz"]
[Black "Hakobyan, Aram"]
[Result "0-1"]
[WhiteElo "2308"]
[BlackElo "2472"]
[Annotator "TA"]
[PlyCount "90"]
[EventDate "2017.??.??"]
[EventType "swiss"]
[EventCountry "ROU"]
[SourceTitle "playchess.com"]
[Source "ChessBase"]
[SourceQuality "1"]

1. d4 Nf6 2. Bf4 b6 3. e3 Bb7 4. Nd2 h6 5. h3 e6 6. Ngf3 Be7 7. Bd3 O-O 8. c3 c5 9. Qe2 d5 10. O-O Qc8 11. Rac1 Nc6 12. Rfe1 Rd8 13. dxc5 Bxc5 14. b4 Be7 15. Red1 Qd7 16. e4 Qe8 17. e5 Nd7 18. b5 Na5 19. Nd4 Ba3 20. Rb1 Rac8 21. Qg4 Kh8 22. N2f3 Rxc3 23. Qh4 Be7 24. Qh5 Nc5 25. Bc2 f5 26. Qxe8+ Rxe8 27. Bd2 Ra3 28. Ra1 Bc8 29. Bb4 Ncb3 30. Bxe7 Nxd4 31. Nxd4 Rxe7 32. Rac1 Bb7 33. Bb3 Nc4 34. Nc2 Ra5 35. a4 Nxe5 36. Nd4 a6 37. f4 Ng6 38. g3 axb5 39. Nxb5 e5 40. fxe5 Nxe5 41. Nd4 g6 42. Rb1 Nd7 43. Bc2 Rc5 44. Re1 Ne5 45. Rxb6 Rc4 0-1

[Event "EYCC 2017"]
[Site "Mamaia"]
[Date "2017.09.13"]
[Round "8"]
[White "Murzin, Volodar"]
[Black "Babazada, Khazar"]
[Result "1-0"]
[WhiteElo "2280"]
[BlackElo "2122"]
[Annotator "TA"]
[PlyCount "78"]
[EventDate "2017.??.??"]
[EventType "swiss"]
[EventCountry "ROU"]
[SourceTitle "playchess.com"]
[Source "ChessBase"]
[SourceQuality "1"]

1. Nf3 g6 2. g3 Bg7 3. Bg2 Nf6 4. O-O O-O 5. c4 d6 6. Nc3 e5 7. d3 h6 8. Rb1 Re8 9. Nd2 Nc6 10. b4 Nd7 11. b5 Ne7 12. Nb3 Rb8 13. Bd2 Kh7 14. Qc1 b6 15. Qc2 Bb7 16. e4 Rf8 17. f4 f5 18. Be3 Nf6 19. Kh1 Qd7 20. a4 Rbe8 21. Rbe1 h5 22. fxe5 dxe5 23. c5 Qe6 24. c6 Bc8 25. d4 fxe4 26. dxe5 Ng4 27. Bf4 e3 28. Ne4 Nf2+ 29. Nxf2 exf2 30. Rxf2 Rd8 31. Nd2 Kh8 32. Nf3 Qg8 33. e6 Bxe6 34. Qe2 Rxf4 35. gxf4 Rd6 36. Ng5 Bc3 37. Nxe6 Bxe1 38. Qe5+ Kh7 39. Ng5+ Kh6 1-0

[Event "EYCC 2017"]
[Site "Mamaia"]
[Date "2017.09.13"]
[Round "8"]
[White "Avalyan, Artur"]
[Black "De Boer, Eelke"]
[Result "1/2-1/2"]
[WhiteElo "2277"]
[BlackElo "2233"]
[Annotator "TA"]
[PlyCount "128"]
[EventDate "2017.??.??"]
[EventType "swiss"]
[EventCountry "ROU"]
[SourceTitle "playchess.com"]
[Source "ChessBase"]
[SourceQuality "1"]

1. d4 Nf6 2. c4 g6 3. Nc3 Bg7 4. e4 d6 5. Be2 O-O 6. Bg5 Na6 7. Qd2 e5 8. d5 Qe8 9. Bd1 c6 10. Nge2 cxd5 11. cxd5 Ng4 12. h3 f6 13. Bh4 Nh6 14. Bc2 Bd7 15. f3 f5 16. Bf2 f4 17. Nc1 g5 18. Nd3 Bf6 19. a4 Bd8 20. Nb5 Bxb5 21. axb5 Qxb5 22. Ba4 Qa5 23. b4 Qc7 24. b5 Nb8 25. Bb3 Nd7 26. Ke2 Qb8 27. g3 Bb6 28. h4 g4 29. gxf4 exf4 30. fxg4 Nxg4 31. Rag1 h5 32. Bxb6 axb6 33. Nxf4 Qe8 34. Bc2 Ra2 35. Rxg4+ hxg4 36. Ne6 Qf7 37. Qg5+ Kh7 38. Nxf8+ Nxf8 39. Rc1 Qf3+ 40. Ke1 Qg3+ 41. Kd1 Ng6 42. e5 Qg1+ 43. Kd2 Qd4+ 44. Ke1 Qc3+ 45. Kd1 Qf3+ 46. Ke1 Qh1+ 47. Ke2 Qg2+ 48. Kd1 Qxd5+ 49. Ke1 Qh1+ 50. Kd2 Qg2+ 51. Kd1 Qf1+ 52. Kd2 Qf2+ 53. Kd1 Qd4+ 54. Ke1 Qb4+ 55. Kd1 Qd4+ 56. Ke1 Qc3+ 57. Kd1 Qf3+ 58. Kd2 Qe4 59. Kd1 Qh1+ 60. Kd2 Qh2+ 61. Kd1 Qg1+ 62. Kd2 Qf2+ 63. Kd1 Qg1+ 64. Kd2 Qf2+ 1/2-1/2

[Event "EYCC 2017"]
[Site "Mamaia"]
[Date "2017.09.13"]
[Round "8"]
[White "Globus, Or"]
[Black "Manafov, Vugar"]
[Result "1/2-1/2"]
[WhiteElo "2271"]
[BlackElo "2204"]
[Annotator "TA"]
[PlyCount "106"]
[EventDate "2017.??.??"]
[EventType "swiss"]
[EventCountry "ROU"]
[SourceTitle "playchess.com"]
[Source "ChessBase"]
[SourceQuality "1"]

1. d4 d5 2. c4 e6 3. g3 Nf6 4. Nf3 Bb4+ 5. Bd2 Bxd2+ 6. Nbxd2 O-O 7. Bg2 Nbd7 8. O-O b6 9. cxd5 exd5 10. Ne5 Bb7 11. Ndf3 Nxe5 12. Nxe5 Nd7 13. Nd3 Qf6 14. Rc1 c6 15. e3 Qd6 16. Rc3 Rfe8 17. Qg4 a5 18. Rfc1 Rad8 19. Qf4 Nb8 20. Qxd6 Rxd6 21. b4 a4 22. Ra3 Ba6 23. Nb2 b5 24. Rac3 Bc8 25. Nd3 f6 26. Nc5 Nd7 27. Nxd7 Bxd7 28. Bf1 Kf7 29. Bd3 f5 30. Be2 Rde6 31. Bh5+ g6 32. Bf3 Rf6 33. Kf1 Kg7 34. Bg2 g5 35. f4 h6 36. Kf2 Kg6 37. Bf1 Kf7 38. Be2 Kg7 39. Bd3 Re7 40. Bb1 Re8 41. a3 Kf7 42. Rg1 Rg8 43. Rcc1 Ke7 44. Rcf1 Kd6 45. Ke2 Ke7 46. Bc2 Be6 47. Rf2 Bd7 48. Rh1 Rh8 49. Kd2 Rf7 50. Bd1 Rf6 51. Be2 Be6 52. Bd3 Bd7 53. Rhf1 Rhf8 1/2-1/2

[Event "EYCC 2017"]
[Site "Mamaia"]
[Date "2017.09.13"]
[Round "8"]
[White "Maltsevskaya, Aleksandra"]
[Black "Sargsyan, Anna M"]
[Result "0-1"]
[WhiteElo "2271"]
[BlackElo "2047"]
[Annotator "TA"]
[PlyCount "92"]
[EventDate "2017.??.??"]
[EventType "swiss"]
[EventCountry "ROU"]
[SourceTitle "playchess.com"]
[Source "ChessBase"]
[SourceQuality "1"]

1. e4 c6 2. Nc3 d5 3. Nf3 Bg4 4. h3 Bh5 5. exd5 cxd5 6. g4 Bg6 7. Bb5+ Nc6 8. d4 e6 9. Ne5 Rc8 10. Be3 Bd6 11. Nxg6 hxg6 12. Qf3 Nge7 13. O-O-O Qa5 14. Kb1 a6 15. Bxc6+ bxc6 16. Ne2 c5 17. dxc5 Bxc5 18. Bd2 Qb6 19. Bc3 f6 20. Nc1 e5 21. Nb3 Bb4 22. Bxb4 Qxb4 23. g5 Kf7 24. gxf6 gxf6 25. c3 Qd6 26. h4 Rh5 27. Qe2 Qe6 28. f4 Rc6 29. fxe5 fxe5 30. Ka1 Kg7 31. Qf2 Rc7 32. Rde1 Nf5 33. Nc5 Qb6 34. b4 Re7 35. Rhg1 Qf6 36. Qd2 e4 37. Kb2 Nxh4 38. Rgf1 Nf3 39. Qe3 Rh2+ 40. Re2 d4 41. cxd4 Rxe2+ 42. Qxe2 Qxd4+ 43. Ka3 a5 44. Qb5 axb4+ 45. Ka4 b3+ 46. Qb4 bxa2 0-1

[Event "EYCC 2017"]
[Site "Mamaia"]
[Date "2017.09.13"]
[Round "8"]
[White "Yeritsyan, Aram"]
[Black "Bjerre, Jonas Buhl"]
[Result "0-1"]
[WhiteElo "2264"]
[BlackElo "2348"]
[Annotator "TA"]
[PlyCount "80"]
[EventDate "2017.??.??"]
[EventType "swiss"]
[EventCountry "ROU"]
[SourceTitle "playchess.com"]
[Source "ChessBase"]
[SourceQuality "1"]

1. e4 c5 2. Nf3 d6 3. d4 cxd4 4. Nxd4 Nf6 5. f3 e5 6. Nb3 a5 7. Bb5+ Bd7 8. a4 Bxb5 9. axb5 d5 10. Bg5 Nbd7 11. exd5 Nb6 12. Nc3 Bb4 13. O-O a4 14. Nd2 Bxc3 15. bxc3 Qxd5 16. Bxf6 gxf6 17. Ne4 Qxd1 18. Rfxd1 Ke7 19. Nd6 Rhd8 20. Nxb7 Rxd1+ 21. Rxd1 a3 22. Kf1 Nc4 23. Ke2 Rc8 24. b6 Rc6 25. Ra1 Kd7 26. Rd1+ Ke7 27. Ra1 f5 28. g3 h5 29. h4 e4 30. fxe4 fxe4 31. Na5 Nxa5 32. Rxa3 Rc5 33. Kf2 Kd6 34. Ra4 f5 35. Rb4 Kc6 36. g4 hxg4 37. h5 Rxc3 38. h6 Rh3 39. b7 Nxb7 40. Ra4 Nc5 0-1

[Event "EYCC 2017"]
[Site "Mamaia"]
[Date "2017.09.13"]
[Round "8"]
[White "Afonasieva, Anna"]
[Black "Duson, Robin"]
[Result "1-0"]
[WhiteElo "2263"]
[BlackElo "1962"]
[Annotator "TA"]
[PlyCount "93"]
[EventDate "2017.??.??"]
[EventType "swiss"]
[EventCountry "ROU"]
[SourceTitle "playchess.com"]
[Source "ChessBase"]
[SourceQuality "1"]

1. d4 Nf6 2. Nf3 e6 3. g3 c5 4. Bg2 cxd4 5. Nxd4 d5 6. O-O e5 7. Nb3 Be6 8. c4 Nc6 9. Bg5 dxc4 10. N3d2 Be7 11. Qa4 Qc7 12. Nxc4 O-O 13. Nc3 Nd4 14. Ne3 Rfd8 15. Rfe1 Ng4 16. Bxe7 Qxe7 17. Ned5 Bxd5 18. Nxd5 Qc5 19. Nc3 Nxf2 20. e3 Nf5 21. Kxf2 Rd2+ 22. Kf3 Nd6 23. Re2 e4+ 24. Kf2 Nc4 25. Qxc4 Qxc4 26. Rxd2 f5 27. Rad1 Rf8 28. Rd4 Qc5 29. Rd5 Qb6 30. Rb5 Qc7 31. Rd2 g5 32. Bh3 Qg7 33. Kg1 g4 34. Bf1 Qg5 35. Nd5 b6 36. Nf4 Qe7 37. Rbd5 Qb4 38. Rd7 Qc5 39. Kf2 Qe5 40. Be2 a5 41. Rb7 Qf6 42. Rdd7 Qh6 43. Kg2 Rc8 44. Bc4+ Kh8 45. b3 Re8 46. Ne6 Rc8 47. Ng5 1-0